000
00309nam a22001337a 4500
003
SGT
020
_a
9789389085563
082
_a
330
_b
L19A
100
_a
AGARWAL, ROSHAN LAL
245
_a
LINE OF WEALTH: A JUSTICE BASED ECONOMY
260
_b
WHITE FALCON PUBLISHING
_c
2019
300
_a
124
942
_2
ddc
_c
BK
999
_c
29263
_d
29263